<?xml version="1.0" encoding="UTF-8"?><?xml-stylesheet type="text/xsl" href="static/style.xsl"?><OAI-PMH xmlns="http://www.openarchives.org/OAI/2.0/" xmlns:xsi="http://www.w3.org/2001/XMLSchema-instance" xsi:schemaLocation="http://www.openarchives.org/OAI/2.0/ http://www.openarchives.org/OAI/2.0/OAI-PMH.xsd"><responseDate>2026-06-07T17:26:03Z</responseDate><request verb="GetRecord" identifier="oai:docta.ucm.es:20.500.14352/62962" metadataPrefix="marc">https://docta.ucm.es/rest/oai/request</request><GetRecord><record><header><identifier>oai:docta.ucm.es:20.500.14352/62962</identifier><datestamp>2023-09-12T15:07:48Z</datestamp><setSpec>com_20.500.14352_14</setSpec><setSpec>col_20.500.14352_22</setSpec></header><metadata><record xmlns="http://www.loc.gov/MARC21/slim" xmlns:dcterms="http://purl.org/dc/terms/" xmlns:xsi="http://www.w3.org/2001/XMLSchema-instance" xmlns:doc="http://www.lyncode.com/xoai" xsi:schemaLocation="http://www.loc.gov/MARC21/slim http://www.loc.gov/standards/marcxml/schema/MARC21slim.xsd">
   <leader>00925njm 22002777a 4500</leader>
   <datafield ind2=" " ind1=" " tag="042">
      <subfield code="a">dc</subfield>
   </datafield>
   <datafield ind2=" " ind1=" " tag="720">
      <subfield code="a">Carrera Puerta, María Esther</subfield>
      <subfield code="e">author</subfield>
   </datafield>
   <datafield ind2=" " ind1=" " tag="260">
      <subfield code="c">2003</subfield>
   </datafield>
   <datafield ind2=" " ind1=" " tag="520">
      <subfield code="a">Actualmente, entre las técnicas que se están aplicando con mayor éxito en el análisis de los alimentos destacan las inmunológicas, basadas en la visualización objetiva de la reacción que tiene lugar entre un antígeno y su correspondiente anticuerpo, y las genéticas, que se basan en el reconocimiento específico de fragmentos de ADN. En esta Tesis Doctoral se planteó, en primer lugar, la utilización de técnicas inmunológicas, y posteriormente genéticas, para identificar muestras frescas y ahumadas de tres especies de pescado: salmón atlántico (Salmo salar), trucha arco iris (Oncorhynchus mykiss) y palometa (Brama raii). Los objetivos que se han desarrollado son los siguientes: 1. La obtención de anticuerpos policlonales y el desarrollo de técnicas inmunoenzimáticas para la diferenciación de salmón, trucha y palometa ahumados. 2. La utilización de marcadores genéticos y el desarrollo de técnicos genéticas para la diferenciación de dichas especies de pescado en productos frescos y ahumados.</subfield>
   </datafield>
   <datafield ind1="8" ind2=" " tag="024">
      <subfield code="a">978-84-669-1483-3</subfield>
   </datafield>
   <datafield ind1="8" ind2=" " tag="024">
      <subfield code="a">https://hdl.handle.net/20.500.14352/62962</subfield>
   </datafield>
   <datafield ind2="0" ind1="0" tag="245">
      <subfield code="a">Utilización de técnicas inmunológicas y genéticas en la diferenciación de salmón ("Salmo salar"), trucha ("oncorhynchus mykiss") y palometa ("Brama raii") ahumados.</subfield>
   </datafield>
</record></metadata></record></GetRecord></OAI-PMH>